Wird geladen...
Trollope:a commentary.
| 1. Verfasser: | |
|---|---|
| Format: | Printed Book |
| Sprache: | English |
| Veröffentlicht: |
London :
O U P ,
c1961.
|
| LEADER | 00440nam a22001337a 4500 | ||
|---|---|---|---|
| 008 | 170512b xxu||||| |||| 00| 0 eng d | ||
| 082 | |a 928.2 SAD/T | ||
| 100 | |a Sadler, Michael | ||
| 245 | |a Trollope:a commentary. | ||
| 260 | |a London : |b O U P , |c c1961. | ||
| 300 | |b 435p. | ||
| 942 | |c BK | ||
| 999 | |c 199635 |d 199635 | ||
| 952 | |0 0 |1 0 |4 0 |6 823_800000000000000_SAD_T |7 0 |9 220936 |a ENG |b ENG |c ST1 |d 2017-05-12 |i 3679 |l 0 |o 823.8 SAD/T |p ENG3679 |r 2017-05-12 |w 2018-08-21 |y BK | ||